Région commune - Départements - 1 (Mort subite) - Statistiques

Statistiques générales
  • Ce quiz a été pris 76 fois
  • Le résultat moyen est 4 sur 6
Answers on the Grid
Answers color-coded by a green-red scale on the quiz's grid according to % correct below.
Aisne
Alpes-de-Haute-Provence
Allier
Ardennes
Aude
Drôme
Hautes-Alpes
Ardèche
Aube
Charente-Maritime
Charente
Calvados
Ariège
Bouches-du-Rhône
Aveyron
Cantal
Ain
Alpes-Maritimes
Isère
Cher
 
Statistiques - réponses
Réponse % Correct
Drôme
79%
Allier
68%
Isère
63%
Ain
58%
Ardèche
58%
Cantal
58%
Aucun quiz correspondant
Distribution des résultats
% des personnes avec chaque résultat
Percentile par nombre de réponses
Votre historique - résultats
Vous n’avez pas pris ce quiz